000 00717nam a2200217Ia 4500
003 GCL
008 140319s9999 xx 000 0 ara d
040 _aGCL /
_cGCL
082 0 4 _a953.09
_bر س
100 1 _aرفيق شاكر النتشة
245 1 0 _aالسلطان عبدالحميد الثانى وفلسطين /
_cرفيق شاكر النتشة
260 _a[S.N] :
_bمكتبة مدبولى ،
_c1990
300 _a197 ص
490 _a
650 0 4 _aالعالم العربى
650 0 4 _aتاريخ
650 0 4 _aالامبراطورية العثمانية
650 0 4 _aالعثمانيون
650 0 4 _aالعالم العربى - تاريخ - العصر العثمانى
942 _2ddc
_cBK
999 _c39176
_d39176